Selected nutrients and pesticides in streams of the eastern Iowa Basins, 1970-95 /

Bibliographic Details
Corporate Authors: Geological Survey (U.S.), National Water-Quality Assessment Program (U.S.)
Other Authors: Schnoebelen, Douglas J.
Format: Government Document Book
Language:English
Published: Iowa City, Iowa : U.S. Dept. of the Interior, U.S. Geological Survey ; 1999.
Series:Water-resources investigations report ; 99-4028.
Subjects:

MARC

Tag First Indicator Second Indicator Subfields
LEADER 00000cam a2200000 a 4500
001 in00000006442
005 20151001080033.0
008 991118s1999 iauab b f000 0 eng d
035 |a (OCoLC)42848536 
035 |9 AJL6183AM 
040 |d GPO  |d DLC  |d MvI  |d UtOrBLW 
043 |a n-us-ia 
049 |a UDOC 
074 |a 0624-B 
086 0 |a I 19.42/4:99-4028 
245 0 0 |a Selected nutrients and pesticides in streams of the eastern Iowa Basins, 1970-95 /  |c by Douglas J. Schnoebelen [and others]. 
264 1 |a Iowa City, Iowa :  |b U.S. Dept. of the Interior, U.S. Geological Survey ;  |c 1999. 
264 2 |a Denver, CO :  |b Information Services [distributor], 
300 |a viii, 65 pages :  |b illustrations (some color), maps (some color) ;  |c 28 cm. 
336 |a text  |b txt  |2 rdacontent 
337 |a unmediated  |b n  |2 rdamedia 
338 |a volume  |b nc  |2 rdacarrier 
490 1 |a Water-resources investigations report ;  |v 99-4028 
500 |a "National Water-Quality Assessment Program"--Cover. 
500 |a Shipping list number: 2000-0023-P. 
500 |a Shipping List #: 2000-0023-P 
500 |a Shipping List Date: 10/27/1999 
504 |a Includes bibliographical references (pages 63-65). 
650 0 |a Water  |x Pollution  |z Iowa. 
650 0 |a Nutrient pollution of water  |z Iowa. 
650 0 |a Pesticides  |x Environmental aspects  |z Iowa. 
700 1 |a Schnoebelen, Douglas J. 
710 2 |a Geological Survey (U.S.) 
710 2 |a National Water-Quality Assessment Program (U.S.) 
830 0 |a Water-resources investigations report ;  |v 99-4028. 
999 |a MARS 
999 f f |s da77c85c-9491-3a0c-a35e-82d0d876aac6  |i 765e7fb5-f49e-3754-9695-22c9e3c204ab  |t 0 
952 f f |p normal  |a Texas A&M University  |b College Station  |c Sterling C. Evans Library  |d Evans: US Documents (Annex 5th floor)  |t 0  |e I 19.42/4:99-4028  |h Superintendent of Documents classification  |i unmediated -- volume  |m A14824312191 
998 f f |a I 19.42/4:99-4028  |t 0  |l Evans: US Documents (Annex 5th floor)